00392nam a2200133Ia 4500008004100000020002200041041000800063082002800071100005900099245004400158260002700202300001000229999001900239230519s9999 xx 000 0 und d a978-93-86896-67-4 aeng aMS/610.73677/VAT/DB0954 aVati Jogindra; Kaur Prabhjot & Kaur Lakhwinder9180563 aAdult Medical Surgical Nursing Volume-I bLotusaJalandharc2022 a1078p c159538d159538